000 00895nam a2200253 a 4500
005 20090907112625.0
008 060731s1999 nyua b 000 0 eng d
010 _aB-357066
020 _c60.00
_a9788126421886
035 _aB-357066
037 _bDBAD / PUB
040 _adpl
_bEnglish
082 _aS
100 _aAromal T.
245 _aAesop's fables the master and his dogs /
_cby Aromal T. ; illustrated by Rahulkrishnan
260 _aKerala
_bDC Books
_c2008
270 _aDC Kizhakemuri Edam, Good Shepherd Street, Kottayam
_bKerala
_e686001
300 _a17p.:
_c22cm(pbk)
_bcol. ill
650 _2Aesop's fables
_xAdaptation
650 _2Fables
700 _aRahulkrishnan
942 _2ddc
_cCH
_mARO
_hS
999 _c30100
_d30100